00439nam a22001457a 4500008004100000040005500041080002200096245004800118260004400166300001000210650001200220653001400232700002600246700002100272230221b |||||||| |||| 00| 0 eng d aNational Science LibrarycNational Science Library a591.11(082.2)bK5 aTrace element metabolism in man and animals aNew York: bSpringer Verlag, c1982 a715p. aScience aChemistry aGawthorne , J M (Ed.) aWhite, C L (Ed.)